000 00681nam a2200265Ia 4500
005 20260324153434.0
008 008 260324s9999 xx 000 0 eng d
020 _a9780128195208
037 _aEBOOK
040 _aCRL
040 _beng
040 _cCRL
041 _2eng
041 _aeng
084 _qCRL
100 _aXianfeng Zhang
_91231403
245 0 _aShock Compression and Chemical Reaction of Multifunctional Energetic Structural Materials
260 _bElsevier
260 _c2023
650 _aEngineering
856 _uhttps://www.sciencedirect.com/science/book/9780128195208
942 _cEBOOK
999 _c1842915
_d1842915